Clash Royal every cards - Statistics

General Stats
  • This quiz has been taken 24 times
    19 since last reset
  • The average score is 54 of 122
Answer Stats
Elixir Answer % Correct
1 Electro Spirit
93%
1 Skeletons
93%
1 Fire Spirit
87%
1 Ice Spirit
87%
? Mirror
87%
5 Giant
80%
2 Goblins
73%
1 Heal Spirit
73%
7 Mega Knight
67%
2 The log
67%
2 Barbarian Barrel
60%
3 Clone
60%
7 Electro Giant
60%
7 P.E.K.K.A
60%
5 Prince
60%
3 Princess
60%
6 Sparky
60%
2 Spear Goblins
60%
2 Zap
60%
3 Archers
53%
3 Arrows
53%
2 Bats
53%
2 Bomber
53%
3 Cannon
53%
3 Dart Goblin
53%
4 Fireball
53%
3 Goblin Gang
53%
6 Goblin Giant
53%
8 Golem
53%
7 Lava Hound
53%
3 Miner
53%
3 Minions
53%
4 Musketeer
53%
3 Skeleton Army
53%
3 Skeleton Barrel
53%
9 Three Musketeers
53%
2 Wall Breakers
53%
4 Baby Dragon
47%
3 Bandit
47%
5 Barbarians
47%
3 Firecracker
47%
3 Goblin Barrel
47%
4 Hog Rider
47%
2 Ice Golem
47%
3 Ice Wizard
47%
5 Inferno Tower
47%
3 Knight
47%
3 Little Prince
47%
3 Mega Minion
47%
4 Mini P.E.K.K.A
47%
5 Monk
47%
2 Rage
47%
3 Royal Ghost
47%
3 Tornado
47%
4 Valkyrie
47%
5 Balloon
40%
6 Barbarian Hut
40%
4 Battle Ram
40%
4 Dark Prince
40%
3 Earthquake
40%
5 Electro Dragon
40%
4 Electro Wizard
40%
6 Elite Barbarians
40%
6 Elixir Collector
40%
3 Elixir Golem
40%
6 Giant Skeleton
40%
2 Giant Snowball
40%
4 Goblin Cage
40%
5 Goblin Hut
40%
4 Golden Knight
40%
4 Inferno Dragon
40%
4 Mighty Miner
40%
4 Night Witch
40%
6 Rocket
40%
6 Royal Giant
40%
7 Royal Recruits
40%
4 Rune giant
40%
3 Tombstone
40%
Tower Tower Princess
40%
5 Witch
40%
5 Wizard
40%
5 Archer Queen
33%
4 Bomb Tower
33%
5 Bowler
33%
Tower Cannoneer
33%
Tower Dagger Duchess
33%
5 Executioner
33%
3 Fisherman
33%
4 Flying Machine
33%
4 Freeze
33%
2 Goblin Curse
33%
5 Graveyard
33%
3 Guards
33%
4 Hunter
33%
4 Lumberjack
33%
4 Magic Archer
33%
5 Minion Horde
33%
4 Mortar
33%
4 Poison
33%
5 Ram Rider
33%
5 Rascals
33%
Tower Royal Chef
33%
3 Royal Delivery
33%
5 Royal Hogs
33%
4 Skeleton Dragons
33%
4 Skeleton King
33%
4 Tesla
33%
3 Void
33%
6 X-Bow
33%
4 Zappies
33%
4 Battle Healer
27%
5 Cannon Cart
27%
4 Furnace
27%
5 Goblin Machine
27%
6 Lightning
27%
4 Mother Witch
27%
4 Phoenix
27%
2 Suspicious Bush
27%
4 Goblin Demolisher
20%
4 Goblin Drill
20%
Tower Baby Goblins
7%
5 Gobelinstein
0%
No matching quizzes found
Score Distribution
Percent of People with Each Score
Percentile by Number Answered
Your Score History
You have not taken this quiz since the last reset